01470 2200505 4500001002100000005001500021035002000036007000300056008004100059020002200100040002200122082001600144084001800160090002000178090002200198090002100220100004600241245005200287250002600339250003500365850001200400264005400412264005400466336002100520337003000541338002300571999002100594300004600615650001800661990001700679990002100696990001700717990002000734990002000754990002100774990001700795990001700812990002000829990002000849990002100869990001700890990001700907990002000924990002000944INLIS00000000085315520191218090017 a0010-1119000563ta191125s2017 yoia g ind d a978-979-420-551-8 aYOPDYOGbinderda04223a661.806 a661.806 HAR k aQ 661.806 HAR k aDEP 661.806 HAR k aCB-D.11 2004-7420 aHardjono Sastrohamidjojo,d1939-epenulis10aKimia minyak atsiri /cHardjono Sastrohamidjojo aCetakan pertama, 2004 aCetakan ketiga, September 2017 aYOPDYOG34aYogyakarta :bGadjah Mada University Press,c200434aYogyakarta :bGadjah Mada University Press,c2017 2rdacontentateks 2rdamediaatanpa perantara 2rdacarrieravolume aCB-D.11/2004-742 a278 halaman :bilustrasi, gambar ;c26 cm 4aMinyak atsiri a9674-PD/B.05 aCB-D.11/2004-742 a9673-PD/B.05 a64627-PD/A.2019 a64628-PD/A.2019 aCB-D.11/2004-742 a9674-PD/B.05 a9673-PD/B.05 a64627-PD/A.2019 a64628-PD/A.2019 aCB-D.11/2004-742 a9674-PD/B.05 a9673-PD/B.05 a64627-PD/A.2019 a64628-PD/A.2019